Visualizzazione normale
Vista MARC
- Cini Alessandro (= Cicognini A. 8029)
di Personal Name
Records bibliografici associati: 1
001 - CONTROL NUMBER
- control field: 3149
003 - CONTROL NUMBER IDENTIFIER
- control field: IT-RoPau
005 - DATE AND TIME OF LATEST TRANSACTION
- control field: 20131123112059.0
008 - FIXED-LENGTH DATA ELEMENTS
- fixed length control field: 131123|| aca||aabn | a|a d
040 ## - CATALOGING SOURCE
- Original cataloging agency: IT-RoPau
- Transcribing agency: IT-RoPau
100 ## - HEADING--PERSONAL NAME
- Personal name: Cini Alessandro (= Cicognini A. 8029)
- Dates associated with a name: Codice autore testo/musica SPICS: 13532
- Relator term: Autore testo/musica
- Name of part/section of a work: Una romantica avventura
670 ## - SOURCE DATA FOUND
- Source citation: Work cat.: (IT-RoPau)100068: AA.VV. 794, Regine di cuori del cinema (Le)